000
00325nam a22000977a 4500
100
_a
अनिल,राजकुमार
_9
70319
245
_a
मौत के साये में
260
_a
दिल्ली
_b
इतिहास शोध संस्थान
_c
2010
650
_a
नाटक
942
_c
HIN
999
_c
64355
_d
64355